000 00487nam a2200169 i 4500
001 67382
003 ES-MaACL
005 20230906170045.0
007 t|
008 040521s1997 bo ||||1| spa d
080 _a821.134.2(84)-14"19"
100 1 _aParada de Brown, Lydia.
_988907
245 1 0 _aHoras preferidas
_b: poesía cotidiana /
_cLydia Parada de Brown.
260 _aLa Paz :
_b[s.n.],
_c1997.
300 _a162 p. :
_bil. ;
_c20 cm.
852 _aES-MaACL
_jL-27605
_bR.133087
999 _c67382
_d67382